MARC

LEADER 00000nam0a2200000 4500
001 373486
005 20231102012553.0
035 |a (RuTPU)RU\TPU\retro\30916 
035 |a RU\TPU\book\304769 
090 |a 373486 
100 |a 20221216d1972 k y0rusy50 ca 
101 0 |a rus 
102 |a UA 
105 |a a z 001zy 
200 1 |a Спектральное и спектрохимическое определение редких , малых и породообразующих элементов. (Теоретическое обоснование и методы анализа)  |f О. А. Кульская , С. А. Козак  |g Академия наук Украинской ССР (АН УССР), Институт геохимии и физики минералов 
210 |a Киев  |c Наукова думка  |d 1972 
215 |a 204 с.  |c ил. 
320 |a Библиогр.: с. 191-202. 
606 1 |a Минералы  |x Физико-химические исследования  |2 stltpush  |3 (RuTPU)RU\TPU\subj\43935  |9 63351 
610 1 |a эмиссионный спектральный анализ 
610 1 |a метод просыпки-вдувания 
610 1 |a комбинированные методы 
610 1 |a исследование 
610 1 |a эксперименты 
610 1 |a Украинский щит 
610 1 |a горные породы 
610 1 |a петрография 
610 1 |a микроэлементы 
610 1 |a нагревание 
610 1 |a испарение 
610 1 |a вспомогательные вещества 
610 1 |a применение 
610 1 |a породообразующие элементы 
610 1 |a литофильные элементы 
610 1 |a литофилы 
610 1 |a сидерофилы 
610 1 |a халькофилы 
675 |a 553.21/.24  |v 3 
700 1 |a Кульская  |b О. А.  |g Ольга Адольфовна 
701 1 |a Козак  |b С. А.  |g Сергей Александрович 
712 0 2 |a Академия наук Украинской ССР (АН УССР)  |b Институт геохимии и физики минералов  |2 stltpush  |3 (RuTPU)RU\TPU\col\13747 
801 1 |a RU  |b 63413507  |c 20150119 
801 2 |a RU  |b 63413507  |c 20221216  |g RCR 
942 |c BK